| 000 | 00344nam a2200145Ia 4500 | ||
|---|---|---|---|
| 008 | 230711s9999||||xx |||||||||||||| ||und|| | ||
| 041 | _aENG | ||
| 082 |
_a541 _bWA-P |
||
| 100 | _aWalter J.Moore | ||
| 245 | 0 | _aPhysical Chemistry | |
| 250 | _a1st Ed. | ||
| 260 |
_c1988 _aNew Delhi _bLongman Group Publication |
||
| 650 | _aChemistry | ||
| 942 | _cBK | ||
| 999 |
_c820 _d820 |
||